Sports Quiz

Random Sports or Baseball Quiz

Boston Red Sox Opening Day Starting Pitchers Quiz Stats

 Plays Quiz Updated Jul 30, 2020

Support Sporcle.
Go Orange.
Score 0/121 Timer 13:00
3 Plays Today
Year Starter % Correct
2004Pedro Martínez
88.4%
2003Pedro Martínez
88.4%
2002Pedro Martínez
88.4%
2000Pedro Martínez
88.4%
1999Pedro Martínez
88.4%
2001Pedro Martínez
88.4%
1998Pedro Martínez
88.4%
2018Chris Sale
83.2%
2019Chris Sale
82.8%
1988Roger Clemens
81.4%
1994Roger Clemens
81.4%
1992Roger Clemens
81.4%
1991Roger Clemens
81.4%
1990Roger Clemens
81.4%
1989Roger Clemens
81.4%
1993Roger Clemens
81.4%
1996Roger Clemens
81.4%
2016David Price
73.7%
2011Jon Lester
69.8%
2012Jon Lester
69.8%
2013Jon Lester
69.7%
2014Jon Lester
69.7%
2007Curt Schilling
69.2%
2006Curt Schilling
69.2%
1916Babe Ruth
62.3%
1917Babe Ruth
62.3%
1918Babe Ruth
62.3%
2017Rick Porcello
60.8%
1903Cy Young
59.7%
1904Cy Young
59.6%
1905Cy Young
59.6%
1906Cy Young
59.6%
1907Cy Young
59.6%
1908Cy Young
59.6%
2009Josh Beckett
57.9%
2010Josh Beckett
57.6%
2021Nathan Eovaldi
56%
1973Luis Tiant
48.8%
1974Luis Tiant
48.8%
1975Luis Tiant
48.7%
2020Nathan Eovaldi
39.7%
Year Starter % Correct
2015Clay Buchholz
38%
1985Oil Can Boyd
31.9%
2008Daisuke Matsuzaka
31.6%
1979Dennis Eckersley
31.1%
1981Dennis Eckersley
31%
1980Dennis Eckersley
31%
1982Dennis Eckersley
31%
1983Dennis Eckersley
31%
1986Bruce Hurst
30.1%
1984Bruce Hurst
30.1%
1967Jim Lonborg
29.6%
1969Jim Lonborg
29.6%
1921Sad Sam Jones
29.5%
1939Lefty Grove
27.9%
1940Lefty Grove
27.9%
2005David Wells
27.3%
1911Smoky Joe Wood
21.7%
1912Smoky Joe Wood
21.7%
1913Smoky Joe Wood
21.7%
1978Mike Torrez
19.9%
1987Bob Stanley
18.9%
1966Earl Wilson
17.1%
1941Jack Wilson
17.1%
1950Mel Parnell
15.9%
1952Mel Parnell
15.9%
1953Mel Parnell
15.9%
1954Mel Parnell
15.9%
1995Aaron Sele
14.9%
1977Fergie Jenkins
14.4%
1976Fergie Jenkins
14.4%
1961Bill Monbouquette
13.4%
1963Bill Monbouquette
13.4%
1964Bill Monbouquette
13.4%
1965Bill Monbouquette
13.4%
1997Tom Gordon
13.1%
1929Red Ruffing
10.1%
1935Wes Ferrell
9.4%
1936Wes Ferrell
9.4%
1937Wes Ferrell
9.4%
1919Carl Mays
8.7%
1943Tex Hughson
8.5%
Year Starter % Correct
1946Tex Hughson
8.5%
1947Tex Hughson
8.5%
1971Ray Culp
8%
1915Ernie Shore
7.2%
1955Frank Sullivan
7.1%
1956Frank Sullivan
7.1%
1958Frank Sullivan
7.1%
1948Joe Dobson
6.6%
1949Joe Dobson
6.6%
1914Ray Collins
6.3%
1970Gary Peters
6.3%
1972Marty Pattin
5.5%
1931Wilcy Moore
5.5%
1902Bill Dinneen
5.4%
1923Howard Ehmke
5%
1924Howard Ehmke
5%
1926Howard Ehmke
5%
1957Tom Brewer
4.9%
1959Tom Brewer
4.9%
1910Eddie Cicotte
4.7%
1968Dick Ellsworth
4.4%
1933Ivy Andrews
4.3%
1922Jack Quinn
4.1%
1962Don Schwall
4.1%
1942Dick Newsome
4%
1928Danny MacFayden
3.9%
1930Danny MacFayden
3.9%
1932Danny MacFayden
3.9%
1920Allen Russell
3.8%
1944Yank Terry
3.8%
1901Win Kellum
3.7%
1925Alex Ferguson
3.7%
1938Jim Bagby
3.5%
1927Slim Harriss
3.4%
1934Gordon Rhodes
3.2%
1960Tom Sturdivant
3.1%
1945Rex Cecil
3%
1951Bill Wight
3%
1909Frank Arellanes
2.9%

You're not logged in!

Compare scores with friends on all Sporcle quizzes.
OR
Log In

From the Vault

They Didn't Say That!

by smreidy113

It's not so bad to be misquoted, as long as they make you sound smarter.
Remove Ads.
Support Sporcle.
Get the best of Sporcle when you Go Orange. This ad-free experience offers more features, more stats, and more fun while also helping to support Sporcle. Thank you for becoming a member.

Show Comments

Extras

Top Quizzes Today


Score Distribution

Your Account Isn't Verified!

In order to create a playlist on Sporcle, you need to verify the email address you used during registration. Go to your Sporcle Settings to finish the process.

Report this User

Report this user for behavior that violates our Community Guidelines.

Details: